| 000 | 00281nam a22001217a 4500 | ||
|---|---|---|---|
| 999 |
_c329997 _d329997 |
||
| 003 | NUST | ||
| 005 | 20170615100833.0 | ||
| 008 | 140108t xxu||||| |||| 00| 0 eng d | ||
| 020 | _a9693515765 | ||
| 040 | _cNUST | ||
| 082 |
_a891.4393 _bSAR |
||
| 100 |
_a Rathan Nath Sarshar _9563 |
||
| 245 |
_aFasana e Azad _cby Rathan Nath Sarshar |
||
| 260 |
_aIslamabad: _bPoorab Academy, _c2007 |
||
| 300 | _a389p. | ||
| 440 |
_vvol 1 _9564 |
||
| 500 | _aNovel | ||
| 546 | _aIn Urdu | ||
| 650 |
_aUrdu Literature- Novel _91164 |
||
| 880 |
_aفسانہ آزاد _6245-02\(3\r _cرتن ناتھ سرشار، تلخیص: ڈاکٹر قمر ریٗس |
||
| 880 |
_aرتن ناتھ سر شار _6100-01\(3\r |
||
| 880 |
_aاسلام آباد: _6260-03\(3\r _bپورب اکیڈیمی، _c2007 |
||
| 942 |
_2ddc _cBK |
||